000 00208 a2200097 4500
001 25623
100 _aLiepmann, H W
245 _aElements of gas dynamics
260 _a
_bWiley
_c1967
090 _c17319
_d17319
942 _aNUST-CAE
_cM
_c8135
999 _c260696
_d260696